000 01779nam a22004215b 4500
001 bimo0000411953
003 CO-ViMGA
005 20230915233552.0
008 940829s1992 sp | |||| ||spa
016 7 _abimoBNE19940225380
_2SpMaBN
017 _aB 32159-1992
_bOficina Depsˤito Legal Barcelona
020 _a8423626741
035 _a(OCoLC)434245507
040 _aCO-ViMGA
_bspa
_cCO-ViMGA
080 0 _a087.5:82
100 1 _aOsorio, Marta
_910704
245 1 0 _aManuela
_h[Texto impreso]
_ctexto, Marta Osorio ; ilustraciones, Violeta Monreal
260 _aBarcelona
_bEdeb
_cD.L. 1992
300 _a[32] p.
_bil. col.
_c19 cm
440 0 _aTren azul
_v10
_910705
700 1 _aMonreal, Violeta
_d1963-
_99021
942 _2ddc
_cBK
956 _a1 2
980 _aB 11312-2006
_a84-236-2674-1
_aM-BN
_bBNALCALA
_jDL/1501557
_cCONSERVACI
980 _aB 11312-2006
_a84-236-2674-1
_aM-BN
_jAHMo/220327
980 _aB 115-1998
_aM-BN
_bBNALCALA
_jDL/840079
_cCONSERVACI
980 _aB 20142-2001
_a84-236-2674-1
_aM-BN
_bBNALCALA
_jDL/1095732
_cCONSERVACI
980 _aB 3186-1996
_aM-BN
_bBNALCALA
_jDL/695362
_cCONSERVACI
980 _aB 47087-2004
_a84-236-2674-1
_aM-BN
_bBNALCALA
_jAHM/821975
_cSALA_ALC
980 _aB 47087-2004
_a84-236-2674-1
_aM-BN
_bBNALCALA
_jDL/1370453
_cCONSERVACI
980 _aB 47087-2004
_a84-236-2674-1
_aM-BN
_jAHMo/114884
980 _aB 49609-2002
_a84-236-2674-1
_aM-BN
_bBNALCALA
_jDL/1201259
_cCONSERVACI
980 _aB 52320-1998
_a84-236-2674-1
_aM-BN
_bBNALCALA
_jDL/898226
_cCONSERVACI
980 _aB 821-2000
_aM-BN
_bBNALCALA
_jDL/1000016
_cCONSERVACI
980 _aB 9950-2002
_a84-236-2674-1
_aM-BN
_bBNALCALA
_jDL/1143900
_cCONSERVACI
980 _aM-BN
_bBNALCALA
_jDL/622233
_cCONSERVACI
980 _aM-BN
_bBNMADRID
_jVC/21325/7
_cSG_RECOLET
999 _c36812
_d36812